Gaming Quiz

Random Gaming or Video Games Quiz

Video Game Villains Quiz Stats

 Plays Quiz Updated Jan 11, 2014

Support Sporcle.
Go Orange.
Score 0/30 Timer 08:00
2 Plays Today
Villain Game % Correct
BowserSuper Mario Bros
96.7%
The JokerBatman: Arkham Asylum
87.5%
GanonLegend of Zelda
85.8%
Doctor RobotnikSonic the Hedgehog
84.1%
GLaDOSPortal
64.1%
Doctor WilyMega Man
60.7%
DraculaCastlevania
60.6%
SephirothFinal Fantasy VII
57.4%
RidleyMetroid
56.3%
AresGod of War
53.2%
Albert WeskerResident Evil
51.2%
Psycho MantisMetal Gear Solid
50.4%
King K. RoolDonkey Kong Country
47.6%
Neo CortexCrash Bandicoot
47.2%
KefkaFinal Fantasy VI
45.3%
Villain Game % Correct
AndrossStar Fox
43.2%
GoroMortal Kombat
41.2%
Pyramid HeadSilent Hill 2
41.2%
G-ManHalf-Life
38.6%
343 Guilty SparkHalo
38.2%
Darth MalakStar Wars: Knights of the Old Republic
37.4%
Andrew RyanBioshock
33.5%
SinFinal Fantasy X
29.1%
Alec TrevelyanGoldenEye 007
28.4%
LavosChrono Trigger
22.6%
Officer TenpennyGrand Theft Auto: San Andreas
20.7%
Cyber-DemonDOOM
20.5%
Queen-Slug-For-A-ButtEarthworm Jim
19.9%
AlmaF.E.A.R.
16.2%
Kane (Brotherhood of NOD)Command & Conquer
15.3%

From the Vault

AFI Best Musical Movies

by eleni

Movies 6m
It helps if you sing songs from these musicals as you play...don't ask me why.
Remove Ads.
Support Sporcle.
Get the best of Sporcle when you Go Orange. This ad-free experience offers more features, more stats, and more fun while also helping to support Sporcle. Thank you for becoming a member.

Show Comments

Extras

Top Quizzes Today


Score Distribution

Your Account Isn't Verified!

In order to create a playlist on Sporcle, you need to verify the email address you used during registration. Go to your Sporcle Settings to finish the process.

Report this User

Report this user for behavior that violates our Community Guidelines.

Details: